Principles of digital communication / (Record no. 182520)
[ view plain ]
| 000 -LEADER | |
|---|---|
| fixed length control field | 00770 a2200217 4500 |
| 003 - CONTROL NUMBER IDENTIFIER | |
| control field | Nust |
| 005 - DATE AND TIME OF LATEST TRANSACTION | |
| control field | 20170207153244.0 |
| 010 ## - LIBRARY OF CONGRESS CONTROL NUMBER | |
| LC control number | 85016347 |
| 020 ## - INTERNATIONAL STANDARD BOOK NUMBER | |
| International Standard Book Number | 0470202408 |
| 040 ## - CATALOGING SOURCE | |
| Transcribing agency | Nust |
| 082 00 - DEWEY DECIMAL CLASSIFICATION NUMBER | |
| Classification number | 621.382 |
| 100 1# - MAIN ENTRY--PERSONAL NAME | |
| Personal name | Das, J. |
| 245 10 - TITLE STATEMENT | |
| Title | Principles of digital communication / |
| Statement of responsibility, etc. | J. Das, S.K. Mullick, P.K. Chatterjee. |
| 260 ## - PUBLICATION, DISTRIBUTION, ETC. | |
| Place of publication, distribution, etc. | New York : |
| Name of publisher, distributor, etc. | Wiley, |
| Date of publication, distribution, etc. | c1986. |
| 300 ## - PHYSICAL DESCRIPTION | |
| Extent | xv, 645 p. : |
| Other physical details | ill. ; |
| Dimensions | 25 cm. |
| 505 ## - FORMATTED CONTENTS NOTE | |
| Formatted contents note | Mathematical Review (Page-6), Digital Representation Of Signals (Page-145), Optimum Detection And Parameter Estimation (Page-241), Error Correcting Codes (Page-399), Information Theory (Page-521). |
| 538 ## - SYSTEM DETAILS NOTE | |
| System details note | Almirah No.36 Shelf No.4 |
| 650 #0 - SUBJECT ADDED ENTRY--TOPICAL TERM | |
| Topical term or geographic name entry element | Telecommunications engineering. |
| 700 1# - ADDED ENTRY--PERSONAL NAME | |
| Personal name | Chatterjee, P. K. |
| 700 1# - ADDED ENTRY--PERSONAL NAME | |
| Personal name | Mullick, S. K. |
| 942 ## - ADDED ENTRY ELEMENTS (KOHA) | |
| Source of classification or shelving scheme | |
| Koha item type | Book |
| Withdrawn status | Lost status | Source of classification or shelving scheme | Damaged status | Not for loan | Collection code | Permanent Location | Current Location | Date acquired | Total Checkouts | Full call number | Barcode | Date last seen | Price effective from | Koha item type |
|---|---|---|---|---|---|---|---|---|---|---|---|---|---|---|
| Military College of Signals (MCS) | Military College of Signals (MCS) | 12/12/2016 | 621.382.DAS | MCS5947 | 12/08/2016 | 12/12/2016 | Book |
